<?xml version="1.0" encoding="UTF-8"?><?xml-stylesheet type="text/xsl" href="static/style.xsl"?><OAI-PMH xmlns="http://www.openarchives.org/OAI/2.0/" xmlns:xsi="http://www.w3.org/2001/XMLSchema-instance" xsi:schemaLocation="http://www.openarchives.org/OAI/2.0/ http://www.openarchives.org/OAI/2.0/OAI-PMH.xsd"><responseDate>2026-04-13T01:12:02Z</responseDate><request verb="GetRecord" identifier="oai:www.recercat.cat:11351/13053" metadataPrefix="marc">https://recercat.cat/oai/request</request><GetRecord><record><header><identifier>oai:recercat.cat:11351/13053</identifier><datestamp>2025-10-24T10:23:10Z</datestamp><setSpec>com_2072_378070</setSpec><setSpec>com_2072_378040</setSpec><setSpec>col_2072_378092</setSpec></header><metadata><record xmlns="http://www.loc.gov/MARC21/slim" xmlns:dcterms="http://purl.org/dc/terms/" xmlns:xsi="http://www.w3.org/2001/XMLSchema-instance" xmlns:doc="http://www.lyncode.com/xoai" xsi:schemaLocation="http://www.loc.gov/MARC21/slim http://www.loc.gov/standards/marcxml/schema/MARC21slim.xsd">
   <leader>00925njm 22002777a 4500</leader>
   <datafield ind2=" " ind1=" " tag="042">
      <subfield code="a">dc</subfield>
   </datafield>
   <datafield ind2=" " ind1=" " tag="720">
      <subfield code="a">Amidei, Jacopo</subfield>
      <subfield code="e">author</subfield>
   </datafield>
   <datafield ind2=" " ind1=" " tag="720">
      <subfield code="a">Kaltenbrunner, Andreas</subfield>
      <subfield code="e">author</subfield>
   </datafield>
   <datafield ind2=" " ind1=" " tag="720">
      <subfield code="a">Ferreira de Sa, Jose Gregorio</subfield>
      <subfield code="e">author</subfield>
   </datafield>
   <datafield ind2=" " ind1=" " tag="720">
      <subfield code="a">Albajes, Klara</subfield>
      <subfield code="e">author</subfield>
   </datafield>
   <datafield ind2=" " ind1=" " tag="720">
      <subfield code="a">Nieto, Rubén</subfield>
      <subfield code="e">author</subfield>
   </datafield>
   <datafield ind2=" " ind1=" " tag="720">
      <subfield code="a">Serrat, Mayte</subfield>
      <subfield code="e">author</subfield>
   </datafield>
   <datafield ind2=" " ind1=" " tag="260">
      <subfield code="c">2025-05-08T11:09:14Z</subfield>
   </datafield>
   <datafield ind2=" " ind1=" " tag="260">
      <subfield code="c">2025-05-08T11:09:14Z</subfield>
   </datafield>
   <datafield ind2=" " ind1=" " tag="260">
      <subfield code="c">2025</subfield>
   </datafield>
   <datafield ind2=" " ind1=" " tag="520">
      <subfield code="a">Automated assessment; Chronic pain; Large language models</subfield>
   </datafield>
   <datafield ind2=" " ind1=" " tag="520">
      <subfield code="a">Avaluació automatitzada; Dolor crònic; Models de llenguatge extens</subfield>
   </datafield>
   <datafield ind2=" " ind1=" " tag="520">
      <subfield code="a">Evaluación automatizada; Dolor crónico; Modelos de lenguaje extenso</subfield>
   </datafield>
   <datafield ind2=" " ind1=" " tag="520">
      <subfield code="a">Background:&#xd;
Chronic pain, affecting more than 20% of the global population, has an enormous pernicious impact on individuals as well as economic ramifications at both the health and social levels. Accordingly, tools that enhance pain assessment can considerably impact people suffering from pain and society at large. In this context, assessment methods based on individuals’ personal experiences, such as written narratives (WNs), offer relevant insights into understanding pain from a personal perspective. This approach can uncover subjective, intricate, and multifaceted aspects that standardized questionnaires can overlook. However, WNs can be time-consuming for clinicians. Therefore, a tool that uses WNs while reducing the time required for their evaluation could have a significantly beneficial impact on people's pain assessment.&#xd;
Objective:&#xd;
This study is the first evaluation of the potential of applying large language models (LLMs) to assist clinicians in assessing patients’ pain expressed through WNs.&#xd;
Methods:&#xd;
We performed an experiment based on 43 WNs made by people with fibromyalgia and qualitatively evaluated in a prior study. Focusing on pain severity and disability, we prompt GPT-4 (with temperature parameter settings 0 or 1) to assign scores and scores’ explanations, to these WNs. Then, we quantitatively compare GPT-4 scores with experts’ scores of the same narratives, using statistical measures such as Pearson correlations, root mean squared error, the weighted version of the Gwet agreement coefficient, and Krippendorff α. Additionally, 2 experts specialized in chronic pain conducted a qualitative analysis of the scores’ explanation to assess their accuracy and potential applicability of GPT’s analysis for future pain narrative evaluations.&#xd;
Results:&#xd;
Our analysis reveals that GPT-4’s performance in assessing pain narratives yielded promising results. GPT-4 was comparable in terms of agreement with experts (with a weighted percentage agreement higher than 0.95), correlations with standardized measurements (for example in the range of 0.43 and 0.49 between the Revised Fibromyalgia Impact Questionnaire and GTP-4 with temperatures 1), and low error rates (root mean squared error of 1.20 for severity and 1.44 for disability). Moreover, experts generally deemed the ratings provided by GPT-4, as well as the scores’ explanation, to be adequate. However, we observe that GPT has a slight tendency to overestimate pain severity and disability with a lower SD than expert estimates.&#xd;
Conclusions:&#xd;
These findings underline the potential of LLMs in facilitating the assessment of WNs of people with fibromyalgia, offering a novel approach to understanding and evaluating patient pain experiences. Integrating automated assessments through LLMs presents opportunities for streamlining and enhancing the assessment process, paving the way for improved patient care and tailored interventions in the chronic pain management field.</subfield>
   </datafield>
   <datafield ind2=" " ind1=" " tag="520">
      <subfield code="a">Universitat Oberta de Catalunya supported this study by covering the fees associated with the publication of this manuscript.</subfield>
   </datafield>
   <datafield ind1="8" ind2=" " tag="024">
      <subfield code="a">http://hdl.handle.net/11351/13053</subfield>
   </datafield>
   <datafield tag="653" ind2=" " ind1=" ">
      <subfield code="a">Qüestionaris</subfield>
   </datafield>
   <datafield tag="653" ind2=" " ind1=" ">
      <subfield code="a">Algorismes</subfield>
   </datafield>
   <datafield tag="653" ind2=" " ind1=" ">
      <subfield code="a">Fibromiàlgia</subfield>
   </datafield>
   <datafield tag="653" ind2=" " ind1=" ">
      <subfield code="a">Dolor crònic</subfield>
   </datafield>
   <datafield tag="653" ind2=" " ind1=" ">
      <subfield code="a">Dolor - Mesurament</subfield>
   </datafield>
   <datafield tag="653" ind2=" " ind1=" ">
      <subfield code="a">PHENOMENA AND PROCESSES::Mathematical Concepts::Algorithms</subfield>
   </datafield>
   <datafield tag="653" ind2=" " ind1=" ">
      <subfield code="a">DISEASES::Pathological Conditions, Signs and Symptoms::Signs and Symptoms::Neurologic Manifestations::Pain::Chronic Pain</subfield>
   </datafield>
   <datafield tag="653" ind2=" " ind1=" ">
      <subfield code="a">DISEASES::Musculoskeletal Diseases::Muscular Diseases::Fibromyalgia</subfield>
   </datafield>
   <datafield tag="653" ind2=" " ind1=" ">
      <subfield code="a">ANALYTICAL, DIAGNOSTIC AND THERAPEUTIC TECHNIQUES, AND EQUIPMENT::Diagnosis::Diagnostic Techniques and Procedures::Physical Examination::Neurologic Examination::Pain Measurement</subfield>
   </datafield>
   <datafield tag="653" ind2=" " ind1=" ">
      <subfield code="a">ANALYTICAL, DIAGNOSTIC AND THERAPEUTIC TECHNIQUES, AND EQUIPMENT::Investigative Techniques::Epidemiologic Methods::Data Collection::Surveys and Questionnaires</subfield>
   </datafield>
   <datafield tag="653" ind2=" " ind1=" ">
      <subfield code="a">FENÓMENOS Y PROCESOS::conceptos matemáticos::algoritmos</subfield>
   </datafield>
   <datafield tag="653" ind2=" " ind1=" ">
      <subfield code="a">ENFERMEDADES::afecciones patológicas, signos y síntomas::signos y síntomas::manifestaciones neurológicas::dolor::dolor crónico</subfield>
   </datafield>
   <datafield tag="653" ind2=" " ind1=" ">
      <subfield code="a">ENFERMEDADES::enfermedades musculoesqueléticas::enfermedades musculares::fibromialgia</subfield>
   </datafield>
   <datafield tag="653" ind2=" " ind1=" ">
      <subfield code="a">TÉCNICAS Y EQUIPOS ANALÍTICOS, DIAGNÓSTICOS Y TERAPÉUTICOS::diagnóstico::técnicas y procedimientos diagnósticos::exploración física::exploración neurológica::medida del dolor</subfield>
   </datafield>
   <datafield tag="653" ind2=" " ind1=" ">
      <subfield code="a">TÉCNICAS Y EQUIPOS ANALÍTICOS, DIAGNÓSTICOS Y TERAPÉUTICOS::técnicas de investigación::métodos epidemiológicos::recopilación de datos::encuestas y cuestionarios</subfield>
   </datafield>
   <datafield ind2="0" ind1="0" tag="245">
      <subfield code="a">Exploring the Capacity of Large Language Models to Assess the Chronic Pain Experience: Algorithm Development and Validation</subfield>
   </datafield>
</record></metadata></record></GetRecord></OAI-PMH>